Harry Potter Last Names - Statistics

General Stats
  • This quiz has been taken 80 times
  • The average score is 21 of 25
Answer Stats
Hint Answer % Correct
Albus Aberforth Ariana Dumbledore
100%
DracoNarcissa Lucius Malfoy
100%
HarryLily James Potter
100%
Dolores Umbridge
100%
RonGinny Fred George Percy Bill Charlie Molly Arthur Weasly
100%
Hermione Granger
99%
Bellatrix Lestrange
99%
Neville Longbottom
99%
DudleyVernon Petunia Dursley
97%
Rubeus Hagrid
97%
Tom Marvolo Riddle
97%
Remus Lupin
96%
Minerva McGonagall
96%
CedricAmos Diggory
93%
Nympadora Tonks
91%
Cornelius Fudge
90%
Luna Lovegood
76%
Cho Chang
73%
Victor Krum
72%
Argus Filch
67%
Sybill Trelawney
67%
Colin Creevey
66%
Fleur Delacour
66%
Seamus Finnigan
66%
Kingsley Shacklbolt
27%
No matching quizzes found
Score Distribution
Percent of People with Each Score
Percentile by Number Answered
Your Score History
You have not taken this quiz